Loading...
History - Other History | 0 | 9 | 0 | 1 | 90 | 74 | 121.78 | 0 | 1 |
Fine Arts - Painting & Sculpture | 0 | 8 | 0 | 1 | 80 | 95 | 135.88 | 0 | 1 |
Literature - European Literature | 0 | 7 | 1 | 1 | 65 | 90 | 124.00 | 0 | 0 |
History - American History | 0 | 7 | 1 | 2 | 65 | 85 | 119.14 | 0 | 0 |
History - European History | 0 | 7 | 2 | 3 | 60 | 37 | 122.00 | 1 | 1 |
History - World History | 0 | 6 | 1 | 0 | 55 | 100 | 126.00 | 0 | 0 |
Literature - World Literature | 0 | 5 | 0 | 3 | 50 | 117 | 149.00 | 0 | 0 |
Fine Arts - Classical Music | 0 | 4 | 0 | 0 | 40 | 122 | 131.50 | 0 | 0 |
Literature - American Literature | 0 | 5 | 2 | 1 | 40 | 127 | 140.80 | 0 | 0 |
Mythology | 0 | 4 | 1 | 1 | 35 | 73 | 118.25 | 0 | 0 |
Religion | 0 | 3 | 1 | 0 | 25 | 83 | 93.33 | 0 | 0 |
Social Science | 0 | 2 | 0 | 0 | 20 | 118 | 119.00 | 0 | 0 |
Geography | 0 | 2 | 0 | 0 | 20 | 73 | 99.50 | 0 | 0 |
Philosophy | 0 | 1 | 0 | 0 | 10 | 145 | 145.00 | 0 | 0 |
Other Academic | 0 | 1 | 1 | 1 | 5 | 151 | 151.00 | 0 | 0 |
Fine Arts - Other Fine Arts | 0 | 1 | 1 | 0 | 5 | 133 | 133.00 | 0 | 0 |
Literature - British Literature | 0 | 1 | 1 | 0 | 5 | 98 | 98.00 | 0 | 1 |